Operační analýza : Vybrané kapitoly /

Hlavní autor: Škuta, Ladislav
Korporativní autor: Vysoká škola báňská - Technická univerzita Ostrava. Hornicko-geologická fakulta
Jazyk: Čeština
Vydáno: Ostrava : VŠ báňská, 1980
Vydání: 1. vyd.
Edice: Učební texty vysokých škol
Fyzický popis: 76 s. : tb.
Knihy
Uloženo v:
LEADER 00948nam a2200265 a 4500
001 000542511
003 CZ BrMZK
005 20000105143423.0
007 ta
008 960501s1980 xr f cze d
015 |a cnb000159370 
040 |a BOA001  |b cze 
080 |a 519.8(075.8)  |2 MRF 
100 1 |a Škuta, Ladislav  |7 jx20050617058 
245 1 0 |a Operační analýza :  |b Vybrané kapitoly /  |c Ladislav Škuta 
250 |a 1. vyd. 
260 |a Ostrava :  |b VŠ báňská,  |c 1980 
300 |a 76 s. :  |b tb. 
490 1 |a Učební texty vysokých škol 
500 |a Učební texty vysokých škol. VŠB v Ostravě. Fak. hornicko-geologická 
710 2 |a Vysoká škola báňská - Technická univerzita Ostrava.  |b Hornicko-geologická fakulta  |7 kn20010709391 
830 0 |a Učební texty vysokých škol 
910 |a BOA001  |b 4-0831.440 
990 |a BK 
996 7 |b 2619720305  |c 4-0831.440  |l MZK  |r Sklad / do 1 hodiny  |n 2  |w 000542511  |u 000010  |a 1  |e BOA001  |j MZK50  |s A